Starting Qb's For Every NFL Team 2022 - Statistics

General Stats
  • This quiz has been taken 192 times
  • The average score is 29 of 32
Answer Stats
Hint Answer % Correct
Bills Josh Allen
98%
Bengals Joe Burrow
97%
Ravens Lamar Jackson
97%
Packers Aaron Rodgers
96%
Cowboys Dak Prescott
96%
Cardinals Kyler Murray
96%
Chiefs Patrick Mahomes
96%
Seahawks Russell Wilson
96%
Jets Zach Wilson
95%
Falcons Matt Ryan
94%
Raiders Derek Carr
93%
Lions Jared Goff
93%
Chargers Justin Herbert
93%
Rams Matthew Stafford
93%
Buccaneers Tom Brady
93%
Dolphins Tua Tagovailoa
93%
Vikings Kirk Cousins
92%
Patriots Mac Jones
92%
Giants Daniel Jones
91%
Browns Baker Mayfield
90%
Bears Justin Fields
90%
Jaguars Trevor Lawrence
88%
Eagles Jalen Hurts
87%
49ers Jimmy Garoppolo
84%
Titans Ryan Tannehill
84%
Colts Carson Wentz
82%
Steelers Ben Roethlisberger
81%
Broncos Drew Lock
81%
Panthers Sam Darnold
80%
Saints Jamies Winston
79%
Texans Davis Mills
77%
Football Team Taylor Heinicke
63%
No matching quizzes found
Score Distribution
Percent of People with Each Score
Percentile by Number Answered
Your Score History
You have not taken this quiz